000 018920000a22001930004500
020 _a978-958-44-8818-3
082 0 4 _aG 370.1 D673a
100 1 _aDomínguez Benítez, María Josefa
245 1 0 _aAcompañémonos en el camino de nuestra educación como personas : vivencias pedagógicas de una maestra feliz / María Josefa Domínguez Benítez
260 _aBucaramanga : División Editorial y Publicaciones UIS
300 _a499 p.
505 0 0 _aI PARTE: Génesis de una convicción filosófica -- Una herencia de siglos en nuestra educación: Consecuencias de algunas de las concepciones de la mentalidad griega del hombre; Inconsciencia de la encarnación histórica -- Concienciación personal del educador: analéctica, el "otro" como punto de partida -- Hacia una pedagogía respetuosa, dialógica y encarnada de la realidad histórica -- La acción educadora entre "acompañar", no "formar": la juventud y el reto de los educadores \ II PARTE: Vuelco total de la filosofía que ha inspirado hasta el momento la educación en todos los niveles -- Obstáculos para que la educación sea concebida a partir de principios atropológicos que respondan a la dignidad de la persona \ III PARTE: El proceso de la lectura dinámica de los signos como aventura personalizada -- La filosofía cristiana de la existencia \ IV PARTE: Compromisos y retos del privilegio de ser educadores hoy: Perspectivas e implementaciones de la concienciación de la juventud -- El compromiso y la mujer latinoamericana -- Testimonios de maestros hacia la gestación del cambio de la educación\ V PARTE: Vivencias pedagógicas de una maestra -- Semblanza de una vocación pedagógica
650 1 4 _aEDUCACION - FILOSOFIA \ PEDAGOGIA \ EDUCACION HUMANISTICA
001 685
942 _cBK
999 _c32162
_d32162
336 _atexto
_btxt
_2rdacontent
337 _2rdamedia
_asin mediación
_bn
338 _2rdacarrier
_avolumen
_bnc